LEADER 01376nam a2200313 u 4500 001 000000006848 003 CaOOAMICUS 005 20070226104923.0 008 941010s1962 gw u000 u ger u 035 $a10178599 040 $aMnU$beng$cCaOTULAS$dEFR 100 1 $aWeber, Karl Otto,$d1827-1867.$0(OLS)http://pul/name/6953 245 10$aOrigenes der Neuplatoniker :$bVersuch einer Interpretation /$cvon Karl-Otto Weber. 260 $aMünchen :$bBeck,$c1962. 300 $axvi, 164 p. ;$c25 cm 490 1 $aZetemata ;$v27 500 $aA revised and enlarged edition of the author's thesis, Frankfurt, 1959. 500 $aIndex: p. [163]-164. 504 $aBibliography: p. [xi]-xvi. 600 04$aOrigenes,$d184-253$tFrammenti$9(Origenes, 184-253)$1Gruppi, scelte.$0(OLS)http://pul/subject/6101 650 0$aNeoplatonism.$2//eng$0(OLS)http://pul/subject/4472 700 0 $aOrigenes,$d184-253.$0(OLS)http://pul/name/1274 830 0$aZetemata ;$v27.$0(OLS)http://pul/title/6440 850 $aPUL 852 $aPUL$W1$xDP1 Fondo Seidl$y56$m1 C 13$j9664$nBK-PRI$b $qFondi$B9664$CPULBib$Z2$F9664 $HPUL91402 $81 900 $aOrigene,$d184-253$91274 941 1 $a1 996 $6245$aOrigenes der Neuplatoniker :$bVersuch einer Interpretation$9(OLS)http://pul/title/10051 996 $6260$aMünchen :$bBeck$9(OLS)http://pul/publisher/50375 LEADER 01230nam a2200301 a 4500 001 000000149995 003 CaOOAMICUS 005 20220623171045.0 008 160303s1960 it u000 u ita r 032 $aLibriCat 040 $aPUL$bita 041 1 $aita$hfre 130 0 $aConsignes aux militants.$lItaliano.$0(OLS)http://pul/title/189055 245 13$aLe consegne ai militanti /$cintroduzione ed indici dei monaci di Solesmes. 260 $aRoma :$bEd. Paoline$g(1960) 300 $a333, 53 p. ;$c18 cm. 490 1 $aInsegnamenti pontifici ;$v10 504 $aContiene riferimenti bibliografici e indice. 650 4$aTeologia pastorale.$0(OLS)http://pul/subject/1301 710 2 $aBenedettini.$bCongregazione di Francia (Solesmes).$0(OLS)http://pul/name/17965 830 0$aInsegnamenti pontifici ;$v10.$0(OLS)http://pul/title/29121 850 $aPUL 852 $aPUL$W1$xDP1 Fondo Bordoni$y120$m3 K 49$j167552$qFondi$B174451$CPULBib$Z2$F174451 $HBor1471 $81 941 1 $a1 960 $aPastorale$91301 996 $6245$aLe consegne ai militanti$9(OLS)http://pul/title/189056 996 $6260$aRoma :$bEd. Paoline$9(OLS)http://pul/publisher/48300